Score 0/50 Timer 05:00
17 Plays Today
% Correct
Ten
99.1%
Thirteen
98.1%
Twenty
98.1%
Taiwan
97.3%
Thousand
96.6%
Turkey
96.3%
Trillion
95.7%
Trei
95.4%
Três
94.9%
Tri
94.7%
Tunisia
94.7%
Toyota
93.4%
Turquoise
92.8%
Trumpet
91.5%
Trombone
91.2%
Teal
90.7%
Tria
90.4%
Timberwolves
89.4%
Texans
89.2%
Tesla
88.9%
Titans
87.6%
Timothy
87.4%
Triangle
87.1%
Thomas
86.7%
Tan
86%
% Correct
Thaddaeus
83.7%
Theophilus
81.4%
Twins
80.7%
Togo
80.2%
Thunder
79.1%
Titan
77.1%
Tomato
76.8%
Timpani
73.2%
Timor-Leste
72.7%
Triton
70.7%
Tambor
70.5%
Thrór
70%
Thorin
67.8%
Triumph
66.4%
Thranduil
63.2%
Treebeard
62.6%
Titus
61.3%
TVR
60%
Titania
57.5%
Thistle
57.2%
Tethys
40.7%
Túrin
40.1%
Tata
36.5%
Thisbe
34.5%
Tatu
19.4%

You're not logged in!

Compare scores with friends on all Sporcle quizzes.
OR
Log In

Sporcle TV

Today on Sporcle TV


Watch our educational content, quiz creation guides, and fun videos on Sporcle TV.

Show Comments

Extras

Top Quizzes Today


Score Distribution

Paid Content

Your Account Isn't Verified!

In order to create a playlist on Sporcle, you need to verify the email address you used during registration. Go to your Sporcle Settings to finish the process.

Report this User

Report this user for behavior that violates our Community Guidelines.

Details: